000 00363pab a2200145 454500
008 180718b2004 xxu||||| |||| 00| 0 eng d
100 _aVijayalakshmi, B.
245 _aBuilding social work knowledge: some issues
260 _c2004
300 _ap.73-86.
362 _aJan
650 _aSocial work
773 _aIndian Journal of Social Work
909 _a63007
999 _c63007
_d63007